Winning global markets : how businesses invest and prosper in the world's high-growth cities.
| Main Author: | |
|---|---|
| Other Authors: | |
| Format: | Book |
| Published: |
Hoboken:
Wiley,
2014.
|
| Subjects: |
| LEADER | 00510cam a2200169 7i4500 | ||
|---|---|---|---|
| 001 | 0000032251 | ||
| 005 | 20150730090000.0 | ||
| 020 | 0 | 0 | |a 9781118893814 |
| 090 | 0 | 0 | |a B 658.8 |b KOT |
| 100 | 1 | 0 | |a Kotler, Philip |
| 245 | 1 | 0 | |a Winning global markets : |b how businesses invest and prosper in the world's high-growth cities. |
| 260 | 0 | 0 | |a Hoboken: |b Wiley, |c 2014. |
| 300 | # | # | |a 264 pages. |
| 650 | 0 | 0 | |a Marketing |
| 650 | 0 | 0 | |a City planning |
| 700 | 1 | 0 | |a Kotler, Milton |
| 999 | |a B000036018 |b Book |c Book |e Business Information Centre | ||


